Chansons de Ninho - Album Destin - Statistiques

Statistiques générales
  • Ce quiz a été pris 108 fois
  • Le résultat moyen est 8 sur 18
Statistiques - réponses
Ordre dans l'album16 Chansons % Correct
02 La vie qu'on mène
88%
03 Goutte d'eau
84%
10 Maman ne le sait pas
71%
18 Outro
62%
14 Putana
52%
15 À Kinshasa
47%
13 Jusqu'à minuit
45%
07 La vivance
43%
06 Tokarev
43%
17 Money
42%
12 Jamais
38%
04 Paris c'est magique
38%
01 Sans peine
38%
05 Jeune lossa
35%
11 L'ancien
35%
08 Big Pac
32%
09 NI
32%
16 Zéro paluche
23%
Aucun quiz correspondant
Distribution des résultats
% des personnes avec chaque résultat
Percentile par nombre de réponses
Votre historique - résultats
Vous n’avez pas pris ce quiz